EASO country of origin information report Eritrea : national service and illegal exit

Salvato in:
Dettagli Bibliografici
Natura: Libro
Lingua:inglese
Pubblicazione: Valletta European Asylum Support Office 2016
Soggetti:
Tags: Aggiungi Tag
Nessun Tag, puoi essere il primo ad aggiungerne!!

MARC

LEADER 00000nam a2200000 4500
001 0229432
005 20221107100850.3
020 |a 978-92-9494-289-0 
041 0 |a eng 
044 |a MT 
245 1 0 |a EASO country of origin information report  |b Eritrea : national service and illegal exit 
264 1 |a Valletta  |b European Asylum Support Office  |c 2016 
300 |a 52 s. 
610 2 0 |a služba štátna 
610 2 0 |a situácia hospodárska 
610 2 0 |a Eritrea